Banderas de Europa con tres rayas - Estadísticas

Estadísticas generales
  • Esta prueba ha sido intentada 8.851 veces
  • La puntuación promedio es 14 de 15
Estadísticas de respuestas
País % Correcto
Francia
100%
Italia
99%
Alemania
96%
Bélgica
96%
Irlanda
95%
Rusia
92%
Países Bajos
91%
Rumania
91%
Estonia
90%
Austria
86%
Luxemburgo
86%
Bulgaria
85%
Letonia
84%
Hungría
83%
Lituania
83%
No se encontraron pruebas coincidentes
Distribución de puntuación
Porcentaje de gente con cada puntuación
Porcentaje por número respondido
Historial de tus puntuaciones
No has intentado esta prueba.